[Event "Paul Keres mem. (14th)"]
[Site "Vancouver CAN"]
[Date "1989.05.22"]
[Round "7"]
[White "Piasetski, Leon"]
[Black "Vetemaa, Juri"]
[Result "1/2-1/2"]
[WhiteElo "2400"]
[BlackElo "2405"]
[PlyCount "80"]
[GameId "2160767912519374"]
[EventDate "1989.05.19"]
[EventType "swiss"]
[EventRounds "7"]
[EventCountry "CAN"]
[SourceTitle "EXT 2022"]
[Source "ChessBase"]
[SourceDate "2021.10.06"]
[SourceVersion "1"]
[SourceVersionDate "2021.10.06"]
[SourceQuality "1"]

1. c4 Nf6 2. g3 e5 3. Bg2 g6 4. Nf3 d6 5. d4 Nbd7 6. Nc3 Bg7 7. O-O O-O 8. h3 Re8 9. e4 exd4 10. Nxd4 Nc5 11. Re1 a5 12. Rb1 a4 13. b3 axb3 14. axb3 Bd7 15. Kh2 Nh5 16. Be3 Nf6 17. Qc2 Qe7 18. f3 Qe5 19. Ndb5 Rac8 20. Rbd1 Ne6 21. f4 Qh5 22. Qe2 Qxe2 23. Rxe2 Bc6 24. Red2 Nd8 25. e5 dxe5 26. fxe5 Nh5 27. Nxc7 Rxc7 28. Rxd8 Rce7 29. Rxe8+ Rxe8 30. Bd4 Bxe5 31. Bxe5 Rxe5 32. Rd3 Kg7 33. Bxc6 bxc6 34. Kg2 Nf6 35. Kf2 h5 36. Rd6 c5 37. Rc6 Rf5+ 38. Ke3 Re5+ 39. Kf3 Rf5+ 40. Ke3 Re5+ 1/2-1/2

[Event "Northwest inv"]
[Site "Vancouver CAN"]
[Date "1989.05.??"]
[Round "3"]
[White "Piasetski, Leon"]
[Black "Tomkins, Ken"]
[Result "0-1"]
[WhiteElo "2400"]
[BlackElo "2295"]
[PlyCount "62"]
[GameId "2160767912519436"]
[EventDate "1989.05.??"]
[EventType "tourn"]
[EventRounds "9"]
[EventCountry "CAN"]
[SourceTitle "EXT 2003"]
[Source "ChessBase"]
[SourceDate "2002.11.25"]
[SourceVersion "1"]
[SourceVersionDate "2002.11.25"]
[SourceQuality "1"]

1. c4 e5 2. g3 c5 3. Nc3 Nc6 4. Bg2 g6 5. a3 Bg7 6. b4 cxb4 7. axb4 Nge7 8. b5 Nd4 9. Ba3 O-O 10. e3 Ne6 11. Nge2 f5 12. f4 Re8 13. fxe5 Bxe5 14. O-O d6 15. d4 Bg7 16. Qd3 Kh8 17. Ra2 Ng8 18. Bb4 Nf6 19. Rfa1 a6 20. bxa6 Rxa6 21. Nb5 Ne4 22. Nec3 Nxc3 23. Qxc3 Nc5 24. Kf1 g5 25. Rxa6 bxa6 26. Nxd6 Qxd6 27. Ra5 Qh6 28. Bxc5 Qxh2 29. Bd6 h6 30. Ra3 f4 31. gxf4 Bh3 0-1

[Event "West Vancouver op"]
[Site "West Vancouver CAN"]
[Date "1987.11.??"]
[Round "1"]
[White "Piasetski, Leon"]
[Black "Donaldson, John"]
[Result "1/2-1/2"]
[WhiteElo "2395"]
[BlackElo "2410"]
[PlyCount "77"]
[GameId "2160767912583683"]
[EventDate "1987.11.13"]
[EventType "swiss"]
[EventRounds "5"]
[EventCountry "CAN"]
[SourceTitle "EXT 2022"]
[Source "ChessBase"]
[SourceDate "2021.10.06"]
[SourceVersion "1"]
[SourceVersionDate "2021.10.06"]
[SourceQuality "1"]

1. c4 c6 2. d4 d5 3. Nf3 Nf6 4. Nc3 e6 5. Qd3 Nbd7 6. e4 dxe4 7. Nxe4 Nxe4 8. Qxe4 c5 9. Be2 Nf6 10. Qd3 cxd4 11. Qxd4 Bb4+ 12. Bd2 Bxd2+ 13. Kxd2 Qe7 14. Kc2 b6 15. Ne5 Bb7 16. Rad1 Bxg2 17. Rhg1 Be4+ 18. Bd3 Rd8 19. Bxe4 Rxd4 20. Bc6+ Kf8 21. Rxd4 g6 22. f4 Kg7 23. Rgd1 Qc5 24. a3 Rc8 25. b4 Qf8 26. Kb3 a5 27. Bf3 axb4 28. axb4 h5 29. Nd7 Nxd7 30. Rxd7 h4 31. Rb7 Qh8 32. Rdd7 Rf8 33. Rxb6 h3 34. Rxe6 Qh4 35. Bd5 Qxf4 36. Ree7 Qxh2 37. Rxf7+ Rxf7 38. Rxf7+ Kh6 39. b5 1/2-1/2

[Event "West Vancouver op"]
[Site "West Vancouver CAN"]
[Date "1987.11.14"]
[Round "2"]
[White "Donaldson, John"]
[Black "Piasetski, Leon"]
[Result "0-1"]
[WhiteElo "2410"]
[BlackElo "2395"]
[PlyCount "104"]
[GameId "2160767912583685"]
[EventDate "1987.11.13"]
[EventType "swiss"]
[EventRounds "5"]
[EventCountry "CAN"]
[SourceTitle "EXT 2022"]
[Source "ChessBase"]
[SourceDate "2021.10.06"]
[SourceVersion "1"]
[SourceVersionDate "2021.10.06"]
[SourceQuality "1"]

1. d4 Nf6 2. c4 c5 3. d5 b5 4. Nf3 Bb7 5. a4 b4 6. Nbd2 e6 7. e4 exd5 8. cxd5 d6 9. Bd3 g6 10. O-O Bg7 11. Bb5+ Nbd7 12. Nc4 Bf8 13. Bf4 a6 14. Bc6 Qc7 15. Bxd6 Bxd6 16. Bxb7 Rb8 17. Bxa6 O-O 18. Re1 Rfe8 19. Qc2 Ng4 20. h3 Nge5 21. Nfxe5 Nxe5 22. Nxd6 Qxd6 23. Bb5 Re7 24. b3 g5 25. Rac1 Rc8 26. a5 Ra7 27. a6 Qb6 28. Bf1 c4 29. bxc4 Rc5 30. Qb2 f6 31. Rb1 Rxa6 32. Qxb4 Qxb4 33. Rxb4 Ra2 34. Rb5 Rxb5 35. cxb5 Rb2 36. Rd1 Kf8 37. d6 Ke8 38. f3 Kd7 39. Ra1 Kxd6 40. Ra6+ Kc5 41. Rxf6 Kd4 42. Rf5 h6 43. h4 gxh4 44. f4 Ng4 45. e5 Rb1 46. Rf8 Ne3 47. Rd8+ Ke4 48. Kf2 Rxf1+ 49. Ke2 Rg1 50. e6 Rxg2+ 51. Ke1 Kf3 52. Rd3 Re2# 0-1

[Event "West Vancouver op"]
[Site "West Vancouver CAN"]
[Date "1987.11.14"]
[Round "3"]
[White "Piasetski, Leon"]
[Black "Donaldson, John"]
[Result "1/2-1/2"]
[WhiteElo "2395"]
[BlackElo "2410"]
[PlyCount "68"]
[GameId "2160767912583691"]
[EventDate "1987.11.13"]
[EventType "swiss"]
[EventRounds "5"]
[EventCountry "CAN"]
[SourceTitle "EXT 2022"]
[Source "ChessBase"]
[SourceDate "2021.10.06"]
[SourceVersion "1"]
[SourceVersionDate "2021.10.06"]
[SourceQuality "1"]

1. c4 c5 2. Nf3 g6 3. e3 Nf6 4. d4 cxd4 5. exd4 d5 6. Nc3 Bg7 7. Bg5 Ne4 8. cxd5 Nxg5 9. Nxg5 O-O 10. Qd2 a6 11. g3 h6 12. Nge4 b6 13. Qe3 e6 14. dxe6 Bxe6 15. Bg2 Nc6 16. d5 Nb4 17. O-O Bf5 18. Rad1 a5 19. a3 Na6 20. Rfe1 Re8 21. Qf4 Bxe4 22. Bxe4 Nc5 23. d6 Be5 24. Qf3 Bxc3 25. bxc3 Ra7 26. c4 Re6 27. Bc6 Rxe1+ 28. Rxe1 Qxd6 29. Re8+ Kh7 30. Qc3 f6 31. Bd5 Re7 32. Rc8 Ne4 33. Qb2 Qe5 34. Qxb6 Nd2 1/2-1/2

[Event "Paul Keres mem (12th)"]
[Site "Vancouver CAN"]
[Date "1987.05.18"]
[Round "7"]
[White "Piasetski, Leon"]
[Black "Berry, Jonathan"]
[Result "1/2-1/2"]
[WhiteElo "2395"]
[BlackElo "2295"]
[PlyCount "88"]
[GameId "2160767912649805"]
[EventDate "1987.05.15"]
[EventType "swiss"]
[EventRounds "7"]
[EventCountry "CAN"]
[SourceTitle "EXT 2022"]
[Source "ChessBase"]
[SourceDate "2021.10.06"]
[SourceVersion "1"]
[SourceVersionDate "2021.10.06"]
[SourceQuality "1"]

1. d4 Nf6 2. Nf3 c5 3. e3 e6 4. c4 d5 5. Nc3 Nc6 6. cxd5 Nxd5 7. Bc4 cxd4 8. exd4 Nxc3 9. bxc3 Be7 10. O-O O-O 11. Qe2 b6 12. Rd1 Bb7 13. Bb2 Qc7 14. Bd3 Rad8 15. Rac1 Bf6 16. Qe3 Ne7 17. Ne5 Ng6 18. c4 Nxe5 19. dxe5 Be7 20. Bd4 g6 21. Be2 Rd7 22. c5 bxc5 23. Bxc5 Qc6 24. f3 Rxd1+ 25. Bxd1 Rc8 26. Ba3 Qxc1 27. Qxc1 Rxc1 28. Bxc1 Bc5+ 29. Kf1 Bd4 30. Bf4 Kf8 31. Be2 Ke7 32. Bb5 a6 33. Bc4 Kd7 34. Ke2 Kc6 35. Kd3 Kc5 36. Bb3 Bc6 37. Bc4 a5 38. Bg3 Bd5 39. Bb3 Bxb3 40. axb3 Kd5 41. f4 h6 42. Be1 Bb6 43. Bd2 Bd8 44. h3 Bb6 1/2-1/2

[Event "CAN-ch"]
[Site "Ottawa CAN"]
[Date "1984.??.??"]
[Round "2"]
[White "Piasetski, Leon"]
[Black "Pelts, Roman"]
[Result "1/2-1/2"]
[WhiteElo "2390"]
[BlackElo "2435"]
[PlyCount "65"]
[GameId "2160767912793506"]
[EventDate "1984.??.??"]
[EventType "tourn"]
[EventRounds "15"]
[EventCountry "CAN"]
[SourceTitle "MCD"]
[Source "ChessBase"]
[SourceVersion "1"]
[SourceQuality "1"]

1. d4 Nf6 2. c4 g6 3. Nc3 d5 4. Nf3 Bg7 5. Bg5 Ne4 6. cxd5 Nxg5 7. Nxg5 e6 8. Nf3 exd5 9. e3 O-O 10. b4 Be6 11. Be2 Qd6 12. Qb3 h6 13. Rc1 a6 14. O-O Nd7 15. Na4 b5 16. Nc5 Nxc5 17. Rxc5 c6 18. Rfc1 Bd7 19. a4 bxa4 20. Qxa4 Rfb8 21. Ne1 Bf8 22. Nd3 Qe6 23. Ra5 Bxb4 24. Rxa6 Rxa6 25. Qxa6 Bd6 26. Qa7 Be8 27. Qa2 h5 28. h4 Qe7 29. g3 Kg7 30. Kg2 Bd7 31. Nc5 Bf5 32. Na6 Rb6 33. Qd2 1/2-1/2

[Event "CAN-ch"]
[Site "Ottawa CAN"]
[Date "1984.??.??"]
[Round "11"]
[White "Day, Lawrence"]
[Black "Piasetski, Leon"]
[Result "1/2-1/2"]
[WhiteElo "2435"]
[BlackElo "2390"]
[PlyCount "44"]
[GameId "2160767912801762"]
[EventDate "1984.??.??"]
[EventType "tourn"]
[EventRounds "15"]
[EventCountry "CAN"]
[SourceTitle "MCD"]
[Source "ChessBase"]
[SourceVersion "1"]
[SourceQuality "1"]

1. e4 c5 2. b3 Nf6 3. Nc3 Nc6 4. Bb2 d6 5. a3 g6 6. Nce2 e5 7. Ng3 a6 8. Bd3 Bg7 9. Nf3 Rb8 10. h4 h5 11. Ng5 b5 12. Bc3 d5 13. exd5 Nxd5 14. Qf3 Rb7 15. Nxf7 Rxf7 16. Bxg6 Qf6 17. Qxf6 Nxf6 18. f4 exf4 19. O-O fxg3 20. Bxf6 O-O 21. Bxf7+ Rxf7 22. Bxg7 Rxg7 1/2-1/2

[Event "CAN-ch"]
[Site "Ottawa CAN"]
[Date "1984.??.??"]
[Round "13"]
[White "Piasetski, Leon"]
[Black "Findlay, Ian"]
[Result "1-0"]
[WhiteElo "2390"]
[BlackElo "2305"]
[PlyCount "67"]
[GameId "2160767912801778"]
[EventDate "1984.??.??"]
[EventType "tourn"]
[EventRounds "15"]
[EventCountry "CAN"]
[SourceTitle "MCD"]
[Source "ChessBase"]
[SourceVersion "1"]
[SourceQuality "1"]

1. c4 Nf6 2. Nf3 c5 3. Nc3 Nc6 4. d4 cxd4 5. Nxd4 e6 6. g3 d5 7. Bg2 Be7 8. O-O O-O 9. cxd5 exd5 10. Bf4 Qb6 11. Nb3 Rd8 12. Rc1 d4 13. Na4 Qa6 14. Nbc5 Bxc5 15. Nxc5 Qxa2 16. Bc7 Re8 17. Qc2 d3 18. Qxd3 Qxb2 19. e3 Ng4 20. Qc3 Qxc3 21. Rxc3 Nge5 22. Rb1 Bg4 23. f4 Nf3+ 24. Kf2 Rac8 25. Rxb7 Re7 26. Bd6 Rxb7 27. Nxb7 f5 28. h3 Bh5 29. Na5 Ne7 30. Rxc8+ Nxc8 31. Bc5 Nh2 32. Bd5+ Kh8 33. Kg2 Nb6 34. Bc6 1-0

[Event "CAN-ch"]
[Site "Ottawa CAN"]
[Date "1984.??.??"]
[Round "14"]
[White "Berry, Jonathan"]
[Black "Piasetski, Leon"]
[Result "0-1"]
[WhiteElo "2290"]
[BlackElo "2390"]
[PlyCount "80"]
[GameId "2160767912801783"]
[EventDate "1984.??.??"]
[EventType "tourn"]
[EventRounds "15"]
[EventCountry "CAN"]
[SourceTitle "MCD"]
[Source "ChessBase"]
[SourceVersion "1"]
[SourceQuality "1"]

1. g3 g6 2. Bg2 Bg7 3. c4 Nf6 4. Nc3 O-O 5. Nf3 Nc6 6. O-O d6 7. Rb1 a5 8. a3 Nd7 9. d3 Nde5 10. Ne1 f5 11. Bd2 h6 12. f4 Ng4 13. e3 e6 14. h3 Nf6 15. b4 g5 16. Nc2 Qe8 17. Nb5 Qe7 18. Qe2 axb4 19. Nxb4 Nd8 20. fxg5 hxg5 21. e4 fxe4 22. Bxg5 c6 23. Nc3 exd3 24. Nxd3 Rxa3 25. Ne4 e5 26. Rf2 Ne6 27. Bxf6 Bxf6 28. Rbf1 Bg7 29. Kh2 Rxf2 30. Ndxf2 d5 31. cxd5 cxd5 32. Nd2 e4 33. Ng4 Nd4 34. Qd1 Bd7 35. Rf4 Bc6 36. Nf1 Ra2 37. Nge3 Nf3+ 38. Rxf3 exf3 39. Qxf3 Qe6 40. Nf5 Rxg2+ 0-1

[Event "CAN-ch"]
[Site "Ottawa CAN"]
[Date "1984.??.??"]
[Round "15"]
[White "Piasetski, Leon"]
[Black "Spraggett, Kevin"]
[Result "1/2-1/2"]
[WhiteElo "2390"]
[BlackElo "2540"]
[PlyCount "35"]
[GameId "2160767912801793"]
[EventDate "1984.??.??"]
[EventType "tourn"]
[EventRounds "15"]
[EventCountry "CAN"]
[SourceTitle "MCD"]
[Source "ChessBase"]
[SourceVersion "1"]
[SourceQuality "1"]

1. c4 e5 2. Nc3 Nf6 3. Nf3 Nc6 4. e3 Bb4 5. Qc2 Bxc3 6. Qxc3 Qe7 7. Be2 O-O 8. b3 d5 9. d4 exd4 10. Nxd4 Nxd4 11. Qxd4 dxc4 12. bxc4 Rd8 13. Ba3 Qe8 14. Qb2 b6 15. O-O Ba6 16. Bb4 c5 17. Be1 Ne4 18. Rc1 1/2-1/2

[Event "Vancouver op"]
[Site "Vancouver"]
[Date "1981.08.07"]
[Round "4"]
[White "Berry, Jonathan"]
[Black "Piasetski, Leon"]
[Result "1/2-1/2"]
[WhiteElo "2290"]
[BlackElo "2420"]
[PlyCount "83"]
[GameId "2160767912849263"]
[EventDate "1981.08.??"]
[EventType "swiss"]
[EventRounds "10"]
[EventCountry "CAN"]
[SourceTitle "EXT 2003"]
[Source "ChessBase"]
[SourceDate "2002.11.25"]
[SourceVersion "1"]
[SourceVersionDate "2002.11.25"]
[SourceQuality "1"]

1. e4 c5 2. d3 e6 3. g3 d5 4. Nd2 Bd6 5. Qg4 Be5 6. f4 Bf6 7. Qe2 Nc6 8. c3 Be7 9. Bg2 Nf6 10. Nh3 b6 11. O-O Ba6 12. e5 Nd7 13. a3 Qc7 14. b4 O-O 15. Bb2 Rae8 16. Nf2 Kh8 17. Rae1 h6 18. Ng4 f6 19. exf6 Nxf6 20. c4 dxc4 21. dxc4 cxb4 22. axb4 Nxb4 23. Ne5 Kg8 24. g4 Bc5+ 25. Kh1 Nfd5 26. Qe4 Nf6 27. Qg6 Bb7 28. g5 Bxg2+ 29. Kxg2 Nh7 30. gxh6 Re7 31. Ng4 Rxf4 32. hxg7 Rxg4+ 33. Qxg4 Nd3 34. Bc3 Nxe1+ 35. Rxe1 e5 36. Kh3 Rxg7 37. Qe6+ Qf7 38. Qxf7+ Kxf7 39. Bxe5 Rg6 40. Ne4 Ng5+ 41. Nxg5+ Rxg5 42. Kh4 1/2-1/2

[Event "Vancouver op"]
[Site "Vancouver"]
[Date "1981.08.11"]
[Round "8"]
[White "Piasetski, Leon"]
[Black "Suttles, Duncan"]
[Result "0-1"]
[WhiteElo "2420"]
[BlackElo "2470"]
[PlyCount "116"]
[GameId "2160767912849290"]
[EventDate "1981.08.??"]
[EventType "swiss"]
[EventRounds "10"]
[EventCountry "CAN"]
[SourceTitle "EXT 2003"]
[Source "ChessBase"]
[SourceDate "2002.11.25"]
[SourceVersion "1"]
[SourceVersionDate "2002.11.25"]
[SourceQuality "1"]

1. d4 d6 2. e4 g6 3. Nf3 Bg7 4. Be2 Nf6 5. Nc3 O-O 6. O-O Bg4 7. Be3 Nc6 8. Qd2 e5 9. dxe5 dxe5 10. Rad1 Qb8 11. Qc1 a6 12. h3 Bxf3 13. Bxf3 b5 14. Nb1 a5 15. c3 a4 16. Na3 Na5 17. Qc2 Re8 18. Qe2 c6 19. Nc2 Qc8 20. Nb4 Qe6 21. Rfe1 h5 22. Qc2 Bf8 23. Be2 Nb7 24. Bf1 Rec8 25. Qb1 Nd6 26. Bg5 Nde8 27. Be3 Nc7 28. Bg5 Nh7 29. Bc1 Be7 30. Be3 Nf6 31. Bg5 Rd8 32. Bxf6 Qxf6 33. Rxd8+ Rxd8 34. Rd1 Bxb4 35. cxb4 Ne6 36. Rxd8+ Qxd8 37. Qd3 Qg5 38. Qc3 Nd4 39. g3 h4 40. Kg2 hxg3 41. fxg3 Kg7 42. Kf2 Qf6+ 43. Kg2 Qe6 44. Qa3 Kh7 45. Kg1 Kg8 46. Kg2 Kf8 47. Kg1 Ke8 48. Kg2 Kd7 49. Kg1 Kd6 50. Kg2 f5 51. exf5 gxf5 52. Kg1 Qd5 53. Kf2 Ke6 54. Kg1 Nf3+ 55. Kf2 Qd2+ 56. Be2 Nd4 57. Qe3 Qxb2 58. Qh6+ Kd5 0-1

[Event "Vancouver op"]
[Site "Vancouver"]
[Date "1981.08.14"]
[Round "10"]
[White "Piasetski, Leon"]
[Black "Cramling, Pia"]
[Result "1/2-1/2"]
[WhiteElo "2420"]
[BlackElo "2200"]
[PlyCount "43"]
[GameId "2160767912849304"]
[EventDate "1981.08.??"]
[EventType "swiss"]
[EventRounds "10"]
[EventCountry "CAN"]
[SourceTitle "EXT 2003"]
[Source "ChessBase"]
[SourceDate "2002.11.25"]
[SourceVersion "1"]
[SourceVersionDate "2002.11.25"]
[SourceQuality "1"]

1. g3 Nf6 2. Bg2 d5 3. d3 c5 4. Nd2 Nc6 5. e4 e6 6. Ngf3 Be7 7. O-O b6 8. Re1 Bb7 9. exd5 Nxd5 10. Nc4 O-O 11. a4 Re8 12. c3 Qc7 13. Qb3 Ba6 14. Bd2 Rad8 15. Rad1 Bf8 16. Bg5 f6 17. Bc1 Qf7 18. Na3 Bb7 19. Nb5 e5 20. Nd2 Na5 21. Qc2 Bc8 22. Nc4 1/2-1/2

[Event "CAN-ch"]
[Site "Montreal CAN"]
[Date "1981.??.??"]
[Round "?"]
[White "Buchholz, Martin"]
[Black "Piasetski, Leon"]
[Result "1/2-1/2"]
[WhiteElo "2235"]
[BlackElo "2420"]
[PlyCount "117"]
[GameId "2160767912845318"]
[EventDate "1981.05.16"]
[EventType "tourn"]
[EventRounds "15"]
[EventCountry "CAN"]
[SourceTitle "MCL"]
[Source "ChessBase"]
[SourceDate "1999.07.01"]
[SourceVersion "1"]
[SourceVersionDate "1999.07.01"]
[SourceQuality "1"]

1. c4 e5 2. Nc3 Bb4 3. Qc2 Nf6 4. Nf3 Qe7 5. e3 O-O 6. a3 Bxc3 7. Qxc3 e4 8. Nd4 d6 9. b3 Nbd7 10. Be2 Ne5 11. f4 exf3 12. Nxf3 Ne4 13. Qc2 Nxf3+ 14. Bxf3 Bf5 15. d3 Nc5 16. e4 Bg6 17. b4 Qh4+ 18. Kd1 Ne6 19. Bb2 c6 20. Qc3 Bh5 21. Bxh5 Qxh5+ 22. Kc2 d5 23. exd5 cxd5 24. Rae1 Qg6 25. Kb3 Rfd8 26. c5 Rac8 27. g3 b6 28. d4 a5 29. Re5 axb4 30. axb4 bxc5 31. dxc5 d4 32. Qc4 d3 33. Rd1 d2 34. Rd5 Rxd5 35. Qxd5 Rd8 36. Qc4 Qh5 37. Kc2 Qf5+ 38. Kb3 Qf3+ 39. Kc2 Qf5+ 40. Kb3 Rd3+ 41. Bc3 Rd8 42. g4 Qf3 43. Kc2 h5 44. Rxd2 Rxd2+ 45. Bxd2 hxg4 46. c6 Qxc6 47. Qxc6 Nd4+ 48. Kd3 Nxc6 49. Ke4 Kf8 50. Kd5 Nb8 51. Bf4 Nd7 52. b5 Ke7 53. Bc7 g5 54. b6 f5 55. b7 f4 56. b8=Q Nxb8 57. Bxb8 Kf6 58. Ke4 Kg6 59. Bxf4 1/2-1/2

[Event "CAN-ch"]
[Site "Montreal CAN"]
[Date "1981.??.??"]
[Round "?"]
[White "Jauregui, Carlos"]
[Black "Piasetski, Leon"]
[Result "0-1"]
[WhiteElo "2305"]
[BlackElo "2420"]
[PlyCount "56"]
[GameId "2160767912845363"]
[EventDate "1981.05.16"]
[EventType "tourn"]
[EventRounds "15"]
[EventCountry "CAN"]
[SourceTitle "MCL"]
[Source "ChessBase"]
[SourceDate "1999.07.01"]
[SourceVersion "1"]
[SourceVersionDate "1999.07.01"]
[SourceQuality "1"]

1. c4 Nf6 2. Nc3 Nc6 3. g3 g6 4. Bg2 Bg7 5. Nf3 O-O 6. O-O d6 7. h3 a6 8. Rb1 Nh5 9. d4 f5 10. e3 h6 11. Qe2 e5 12. dxe5 dxe5 13. Rd1 Qe8 14. Nd5 Qf7 15. b4 e4 16. Ne1 Ne5 17. Bb2 Be6 18. Bxe5 Bxe5 19. Qc2 Rae8 20. Bf1 g5 21. Ng2 c6 22. Nb6 f4 23. g4 fxe3 24. Nxe3 Qf4 25. Bg2 Qh2+ 26. Kf1 Ng3+ 27. Ke1 Qg1+ 28. Bf1 Bc3+ 0-1

[Event "CAN-ch"]
[Site "Montreal CAN"]
[Date "1981.??.??"]
[Round "?"]
[White "Piasetski, Leon"]
[Black "Baragar, Fletcher"]
[Result "1-0"]
[WhiteElo "2420"]
[BlackElo "2270"]
[PlyCount "83"]
[GameId "2160767912845387"]
[EventDate "1981.05.16"]
[EventType "tourn"]
[EventRounds "15"]
[EventCountry "CAN"]
[SourceTitle "MCL"]
[Source "ChessBase"]
[SourceDate "1999.07.01"]
[SourceVersion "1"]
[SourceVersionDate "1999.07.01"]
[SourceQuality "1"]

1. c4 Nf6 2. Nf3 e6 3. g3 d5 4. Bg2 dxc4 5. Na3 c5 6. Nxc4 Nc6 7. O-O Be7 8. b3 O-O 9. Bb2 Qc7 10. Qb1 b5 11. Ng5 g6 12. Ne5 Bb7 13. Ngf3 Rfd8 14. a3 Qb6 15. Ra2 Nxe5 16. Bxe5 Nd7 17. Ba1 Bf6 18. Bxf6 Nxf6 19. Rc1 Qd6 20. Rac2 Nd7 21. d3 Rab8 22. Nd2 Bxg2 23. Kxg2 f5 24. b4 cxb4 25. axb4 Nb6 26. Rc5 Nd7 27. Rc7 a5 28. bxa5 b4 29. Qb3 Re8 30. R1c6 Qe7 31. a6 Ra8 32. a7 Kf8 33. Nc4 Qd8 34. Qxb4+ Kg8 35. Qd6 Nf8 36. Qxd8 Rexd8 37. Nb6 Rxa7 38. Rxa7 Rb8 39. Nd7 Rd8 40. Nf6+ Kh8 41. Rcc7 Nd7 42. Rxd7 1-0

[Event "CAN-ch"]
[Site "Montreal CAN"]
[Date "1981.??.??"]
[Round "?"]
[White "Piasetski, Leon"]
[Black "Day, Lawrence"]
[Result "0-1"]
[WhiteElo "2420"]
[BlackElo "2430"]
[PlyCount "118"]
[GameId "2160767912845389"]
[EventDate "1981.05.16"]
[EventType "tourn"]
[EventRounds "15"]
[EventCountry "CAN"]
[SourceTitle "MCL"]
[Source "ChessBase"]
[SourceDate "1999.07.01"]
[SourceVersion "1"]
[SourceVersionDate "1999.07.01"]
[SourceQuality "1"]

1. d4 c5 2. d5 Nf6 3. Nc3 g6 4. e4 d6 5. Be2 Bg7 6. Nf3 O-O 7. O-O Na6 8. Nd2 Nc7 9. a4 a6 10. a5 Nb5 11. Nxb5 axb5 12. Bxb5 Rxa5 13. Rxa5 Qxa5 14. Qe2 Bd7 15. Bxd7 Nxd7 16. Nb3 Qb6 17. Bg5 Re8 18. Rb1 h6 19. Be3 Ra8 20. Nd2 Ra2 21. b4 Rxc2 22. Qd1 Rb2 23. Rxb2 Bxb2 24. Qa4 Qc7 25. b5 Kg7 26. Nc4 Bd4 27. b6 Nxb6 28. Qa5 Bxe3 29. fxe3 Nxd5 30. exd5 Qxa5 31. Nxa5 b5 32. Kf2 f5 33. e4 Kf6 34. Ke3 e6 35. dxe6 Kxe6 36. exf5+ Kxf5 37. Nb3 Ke5 38. Nd2 d5 39. Nf3+ Ke6 40. Kd3 b4 41. g4 g5 42. h3 Kd6 43. h4 gxh4 44. Nxh4 Ke5 45. Ng6+ Ke6 46. Nf4+ Kd6 47. Ng6 c4+ 48. Kd4 b3 49. Kc3 d4+ 50. Kb2 Kd5 51. Ne7+ Ke4 52. Nc8 Ke3 53. Nd6 Kd3 54. Nb7 Ke2 55. Nd6 c3+ 56. Kxb3 d3 57. Ne4 c2 58. Kb2 d2 59. Nc3+ Kd3 0-1

[Event "CAN-ch"]
[Site "Montreal CAN"]
[Date "1981.??.??"]
[Round "?"]
[White "Piasetski, Leon"]
[Black "Murray, Peter"]
[Result "1/2-1/2"]
[WhiteElo "2420"]
[BlackElo "2330"]
[PlyCount "146"]
[GameId "2160767912845391"]
[EventDate "1981.05.16"]
[EventType "tourn"]
[EventRounds "15"]
[EventCountry "CAN"]
[SourceTitle "MCL"]
[Source "ChessBase"]
[SourceDate "1999.07.01"]
[SourceVersion "1"]
[SourceVersionDate "1999.07.01"]
[SourceQuality "1"]

1. d4 Nf6 2. Nf3 g6 3. c4 Bg7 4. Nc3 O-O 5. e4 d6 6. h3 Nbd7 7. Be3 e5 8. dxe5 dxe5 9. Qc2 c6 10. a3 Re8 11. c5 Qc7 12. Bc4 Nf8 13. Ng5 Re7 14. O-O-O h6 15. Nf3 Be6 16. Qb3 Bxc4 17. Qxc4 b5 18. cxb6 axb6 19. Qb4 Rb8 20. Kb1 Ne6 21. Qd6 Qb7 22. Nxe5 Ne8 23. Qxb8 Qxb8 24. Nxc6 Qb7 25. Nxe7+ Qxe7 26. Nd5 Qb7 27. f3 b5 28. Nb4 Bf8 29. Rd2 Nd6 30. Rhd1 Nc4 31. Rd7 Qc8 32. Bc1 Nb6 33. R7d3 g5 34. b3 Bg7 35. Bb2 Qb8 36. Bxg7 Kxg7 37. Rc1 Qg3 38. Rd2 h5 39. Ka2 g4 40. hxg4 hxg4 41. Rc6 Qe1 42. Rcc2 g3 43. Nd5 Nd7 44. Nc3 Ne5 45. Rd1 Qe3 46. Nxb5 Kg6 47. Rcd2 Qc5 48. Nd6 Nf4 49. Nf5 Ned3 50. Nxg3 Nc1+ 51. Kb2 Ncd3+ 52. Rxd3 Qf2+ 53. R3d2 Qxg3 54. b4 Qg5 55. Kb3 Nxg2 56. a4 Nf4 57. a5 Qg3 58. Rd3 Nxd3 59. Rxd3 Kg5 60. b5 Qb8 61. b6 Qb7 62. Rc3 Qd7 63. Kb4 Kf4 64. Rc7 Qd6+ 65. Kb5 Kxf3 66. Ka6 Kxe4 67. Ka7 f5 68. a6 f4 69. Rc1 Qd4 70. Kb7 Qd7+ 71. Rc7 Qd5+ 72. Ka7 Qd4 73. Kb7 Qd5+ 1/2-1/2

[Event "CAN-ch"]
[Site "Montreal CAN"]
[Date "1981.??.??"]
[Round "?"]
[White "Piasetski, Leon"]
[Black "Nurmi, Peter"]
[Result "1-0"]
[WhiteElo "2420"]
[BlackElo "2320"]
[PlyCount "71"]
[GameId "2160767912845392"]
[EventDate "1981.05.16"]
[EventType "tourn"]
[EventRounds "15"]
[EventCountry "CAN"]
[SourceTitle "MCL"]
[Source "ChessBase"]
[SourceDate "1999.07.01"]
[SourceVersion "1"]
[SourceVersionDate "1999.07.01"]
[SourceQuality "1"]

1. c4 e6 2. d4 Nf6 3. Nc3 Bb4 4. g3 c5 5. Nf3 Ne4 6. Qd3 Qa5 7. Qxe4 Bxc3+ 8. Bd2 Bxd2+ 9. Nxd2 cxd4 10. Qxd4 O-O 11. Qd6 Qa6 12. Ne4 Qxc4 13. Bg2 Nc6 14. O-O Qxe2 15. b4 Qb2 16. Rfb1 Qe5 17. b5 Qxd6 18. Nxd6 Nd4 19. Rd1 Nxb5 20. Nxb5 d5 21. Rab1 Bd7 22. Nd6 b6 23. Rdc1 Rfd8 24. Rc7 Ba4 25. Nxf7 Rd7 26. Rxd7 Bxd7 27. Ne5 Ba4 28. Bh3 Kf8 29. Rb4 b5 30. Bxe6 Re8 31. Rf4+ Ke7 32. Bd7 Rd8 33. Bf5 Re8 34. Bxh7 Kd6 35. Nd3 Bc2 36. Rg4 1-0

[Event "CAN-ch"]
[Site "Montreal CAN"]
[Date "1981.??.??"]
[Round "?"]
[White "Spraggett, Kevin"]
[Black "Piasetski, Leon"]
[Result "1/2-1/2"]
[WhiteElo "2450"]
[BlackElo "2420"]
[PlyCount "100"]
[GameId "2160767912845399"]
[EventDate "1981.05.16"]
[EventType "tourn"]
[EventRounds "15"]
[EventCountry "CAN"]
[SourceTitle "MCL"]
[Source "ChessBase"]
[SourceDate "1999.07.01"]
[SourceVersion "1"]
[SourceVersionDate "1999.07.01"]
[SourceQuality "1"]

1. c4 Nf6 2. Nc3 Nc6 3. d4 e5 4. d5 Nb8 5. a3 a5 6. Nf3 d6 7. e4 Be7 8. Nd2 O-O 9. Be2 Nbd7 10. Rb1 Ne8 11. g3 Bg5 12. h4 Bh6 13. Kf1 Nb6 14. g4 Bf4 15. Kg2 a4 16. Nf1 Bxc1 17. Rxc1 Nf6 18. Ne3 Nfd7 19. Bd3 Nc5 20. Bc2 Bd7 21. Qe2 Nc8 22. Rh2 Na7 23. Qd2 Qb8 24. Kh1 b5 25. cxb5 Nxb5 26. Ne2 Qd8 27. f3 Qf6 28. Nf5 Bxf5 29. exf5 Qe7 30. Re1 Qd8 31. g5 f6 32. f4 Rb8 33. h5 exf4 34. Nxf4 fxg5 35. Ne6 Nxe6 36. fxe6 Qf6 37. e7 Rfe8 38. Qd3 g6 39. hxg6 Rxe7 40. Rxe7 Qxe7 41. g7 Qxg7 42. Rxh7 Qf6 43. Rh3 Qg7 44. Rh5 Nd4 45. Qe3 Qf6 46. Rxg5+ Kf8 47. Rg2 Nxc2 48. Qg3 Qh6+ 49. Kg1 Qc1+ 50. Kh2 Qh6+ 1/2-1/2